[Event "Challenge"]
[Site "http://www.queenalice.com/game.php?id=1070956"]
[Date "2012.6.12"]
[Round "-"]
[White "caspaloeuf"]
[Black "hsea12"]
[Result "1-0"]
[WhiteElo "1506"]
[BlackElo "1653"]

1. b3 e5 2. e4 Nc6 3. Bb2 Nf6 4. Qf3 Bc5 5. Bc4 d6 6. Nc3 Nd4 7. Qd1 Ng4 8. f3
Nxf3+ 9. Qxf3 Qh4+ 10. g3 Bf2+ 11. Ke2 Qh5 12. Nd5 O-O 13. Ne7+ Kh8 14. h3 Bxg3
15. hxg4 1-0

[Event "Challenge"]
[Site "http://www.queenalice.com/game.php?id=1071996"]
[Date "2012.6.14"]
[Round "-"]
[White "hsea12"]
[Black "caspaloeuf"]
[Result "0-1"]
[WhiteElo "1351"]
[BlackElo "1546"]

1. e4 d6 2. d4 Nf6 3. Nc3 g6 4. Nf3 Bg4 5. Be2 Nc6 6. Bg5 Bg7 7. h3 Bxf3 8. Bxf3
Nxd4 9. Qxd4 Nh5 10. Qa4+ c6 11. Nd5 Bf6 12. Bxf6 Nxf6 0-1

[Event "Challenge"]
[Site "http://www.queenalice.com/game.php?id=1074348"]
[Date "2012.6.20"]
[Round "-"]
[White "pj"]
[Black "caspaloeuf"]
[Result "1-0"]
[WhiteElo "1550"]
[BlackElo "1542"]

1. e4 d6 2. d4 Nf6 3. f3 Nc6 4. c3 Be6 5. d5 Bxd5 6. exd5 Ne5 7. f4 Ng6 8. f5
Ne5 9. c4 g6 10. fxg6 hxg6 11. h4 Ne4 12. Nd2 f5 13. a4 Nxd2 14. Qxd2 Bh6 15.
Qc3 Qd7 16. Nf3 Bxc1 17. Nxe5 dxe5 18. Qxe5 Kf7 19. Rxc1 c6 20. dxc6 Qxc6 21. b3
Rhd8 22. h5 Qd6 23. Qxd6 Rxd6 24. h6 Re6+ 25. Be2 Rd8 26. Kf2 Re4 27. g3 f4 28.
Bf3 fxg3+ 29. Kxg3 Re3 30. Kg4 Rd4+ 31. Kg3 Rxb3 32. Kg2 Rb2+ 33. Kg3 Rd8 34. h7
Rh8 35. Bd5+ e6 36. Rcf1+ Kg7 37. Bxe6 Rb3+ 38. Kg4 Re3 39. Rf7# 1-0

[Event "Revanche"]
[Site "http://www.queenalice.com/game.php?id=1077358"]
[Date "2012.6.29"]
[Round "-"]
[White "roli68"]
[Black "caspaloeuf"]
[Result "1/2-1/2"]
[WhiteElo "1567"]
[BlackElo "1543"]

1. Nh3 e5 2. d4 e4 3. Nc3 d5 4. e3 Nf6 5. f4 exf3 6. Qxf3 Bg4 7. Qf4 Bd6 8. Qg5
h6 9. Qxg7 Ke7 10. Nf4 Bb4 11. Qxh8 Qxh8 12. Nxd5+ Nxd5 13. a3 Bxc3+ 14. bxc3
Nxc3 15. a4 Qh7 16. Bd3 Bf5 17. Rf1 Bxd3 18. cxd3 Qxd3 19. Ba3+ Ke8 20. Kf2 Qe2+
21. Kg1 Qxe3+ 22. Kh1 Nd5 23. Rae1 Qxe1 24. Rxe1+ Kd7 25. Re5 Nf6 26. Rf5 Ke6
27. Re5+ Kd7 28. Re7+ Kc6 29. Rxf7 Nbd7 30. Re7 Re8 31. h3 Rxe7 32. Bxe7 Ne4 33.
g4 a6 34. h4 b5 35. axb5+ axb5 36. g5 hxg5 37. h5 Ng3+ 38. Kh2 Nxh5 39. Bxg5 b4
40. Bd2 b3 41. Bc1 Ndf6 42. Kh3 Nd5 43. Kg4 Nhf6+ 44. Kf5 Nh5 45. Ke4 Kd6 46.
Kd3 c5 47. Kc4 cxd4 48. Kxd4 Ng3 49. Kc4 Ne2 50. Bb2 Kc6 51. Kxb3 Kb5 52. Kc2
Kc4 53. Kd2 Nec3 54. Bc1 Nf4 55. Ke3 Nd3 56. Bd2 Nd5+ 57. Ke2 Nc3+ 58. Ke3 Nc5
59. Bc1 Nd5+ 60. Kf3 Nd3 61. Bd2 Ne5+ 62. Ke4 Ng4 63. Kf5 Nh2 64. Bg5 1/2-1/2

[Event "Challenge"]
[Site "http://www.queenalice.com/game.php?id=1085799"]
[Date "2012.7.22"]
[Round "-"]
[White "caspaloeuf"]
[Black "Shizumaru_Hisame"]
[Result "0-1"]
[WhiteElo "1555"]
[BlackElo "1681"]

1. b3 e5 2. e4 d5 3. f3 d4 4. Bb2 a5 5. Bb5+ c6 6. Bd3 a4 7. Ne2 axb3 8. cxb3 h5
9. h4 Rh6 10. Ng3 Rg6 11. Rh3 Bxh3 0-1

[Event "Challenge"]
[Site "http://www.queenalice.com/game.php?id=1092202"]
[Date "2012.8.11"]
[Round "-"]
[White "caspaloeuf"]
[Black "Shizumaru_Hisame"]
[Result "0-1"]
[WhiteElo "1544"]
[BlackElo "1603"]

1. Nf3 d6 2. e4 Bg4 3. Be2 Nf6 4. Nc3 d5 5. e5 Ne4 6. Nxe4 dxe4 7. Ng5 Bxe2 8.
Qxe2 Qd4 9. Nxe4 Qxe5 10. d3 e6 11. O-O Na6 12. Re1 O-O-O 13. Qd2 Rd7 14. Nc3
Qf5 15. b3 Bb4 16. Bb2 c6 17. Qe3 Bc5 18. Qg3 Rg8 19. Ne4 Bb6 20. Nd6+ Rxd6 21.
Ba3 Rd7 22. Re5 Qf6 23. Rae1 Bc7 24. Bb2 Qh6 25. Bc1 Qf6 26. Bg5 Bxe5 27. Rxe5
Qg6 28. Qe3 f6 29. Rxe6 c5 30. Bf4 Rdd8 31. Rxa6 bxa6 32. Qxc5+ Kd7 33. Qxa7+
Ke8 34. Qxa6 Rd7 35. Qa8+ Kf7 36. g3 Rxa8 37. a4 Qh5 38. Kg2 Re7 39. c4 Re1 0-1

[Event "Challenge"]
[Site "http://www.queenalice.com/game.php?id=1100658"]
[Date "2012.9.7"]
[Round "-"]
[White "roli68"]
[Black "caspaloeuf"]
[Result "0-1"]
[WhiteElo "1493"]
[BlackElo "1571"]

1. e4 d6 2. Na3 Nf6 3. d3 e5 4. Nc4 g6 5. Nh3 Bg7 6. c3 Nc6 7. Qb3 Be6 8. Qxb7
Ne7 9. Qb5+ c6 10. Qa4 Bxh3 11. gxh3 O-O 12. Na5 Qc7 13. f4 Rab8 14. Rg1 Rfe8
15. f5 Qb6 16. fxg6 hxg6 17. Rg3 Nh5 18. Nc4 Qc5 19. b4 Qb5 20. Qxa7 Ra8 21. Qf2
Nxg3 22. hxg3 Red8 23. Na3 Qa4 24. h4 f6 25. Nc4 d5 26. Nb6 Qa6 27. Nxa8 Rxa8
28. d4 Qb6 29. dxe5 Qxf2+ 30. Kxf2 fxe5 31. exd5 cxd5 32. a4 e4 33. c4 Rf8+ 34.
Ke2 Bxa1 35. Bg5 dxc4 36. Bxe7 Rf3 37. Bc5 c3 38. Bd4 Rxg3 39. Kd1 e3 40. Bc4+
Kh7 41. Bd3 Rg1+ 42. Ke2 Rh1 43. Kxe3 Rxh4 44. a5 Rh3+ 45. Ke4 Rh2 46. a6 Ra2
47. a7 c2 48. Bxc2 Bxd4 49. a8=Q Rxa8 50. Kxd4 Kh6 51. Kc5 Rc8+ 52. Kb6 Rxc2 53.
b5 g5 54. Kb7 g4 55. b6 g3 56. Ka8 g2 57. b7 Rb2 58. b8=Q Rxb8+ 59. Kxb8 g1=Q
60. Kb7 Qc5 61. Ka6 Kg6 62. Kb7 Kf6 63. Ka6 Ke6 64. Kb7 Kd6 65. Ka6 Qc2 66. Kb5
Kd5 67. Kb6 Qc5+ 68. Ka6 Qc8+ 69. Kb5 Qc4+ 70. Kb6 Qb4+ 71. Kc7 Qb5 72. Kd8 Kd6
73. Kc8 Qd7+ 74. Kb8 Kc6 75. Ka8 Qb7# 0-1

[Event "Challenge"]
[Site "http://www.queenalice.com/game.php?id=1101640"]
[Date "2012.9.10"]
[Round "-"]
[White "Martial"]
[Black "caspaloeuf"]
[Result "1-0"]
[WhiteElo "1376"]
[BlackElo "1518"]

1. e4 d6 2. d4 Nf6 3. Nc3 g6 4. Nf3 Bg7 5. Bc4 e6 6. O-O O-O 7. d5 Bd7 8. Bg5 h6
9. Bh4 b5 10. Bb3 g5 11. Bg3 Ng4 12. h3 Ne5 13. a4 c6 14. dxc6 Bxc6 15. h4 Nxf3+
16. Qxf3 gxh4 17. Bh2 Na6 18. axb5 Bxc3 19. Qxc3 Bxe4 20. bxa6 Qg5 21. f3 Rac8
22. Qd4 d5 23. fxe4 h3 24. g3 Ra8 25. exd5 Qxd5 26. Qxd5 exd5 27. Bxd5 Rad8 28.
c4 Rb8 29. Ra2 Rfe8 30. Bxf7+ Kh8 31. Bxe8 Rxe8 32. c5 Re2 33. c6 1-0

[Event "AUTO-INT-2433"]
[Site "http://www.queenalice.com/game.php?id=1101956"]
[Date "2012.9.11"]
[Round "1"]
[White "sapobrasileiro"]
[Black "caspaloeuf"]
[Result "1-0"]
[WhiteElo "1628"]
[BlackElo "1496"]

1. e4 e5 2. Qf3 Nf6 3. d3 Nc6 4. a3 g6 5. Bg5 Be7 6. c3 d6 7. h3 O-O 8. Qg3 Nh5
9. Bxe7 Nxe7 10. Qf3 f5 11. Be2 b6 12. g3 Bb7 13. Qe3 f4 14. gxf4 exf4 15. Qd4
c5 16. Qc4+ d5 17. exd5 Bxd5 18. Qb5 a6 19. Qxb6 Qc8 20. Rh2 Rb8 21. Qd6 Rxb2
22. Qxe7 Re8 23. Qd6 f3 24. Qxd5+ Re6 25. Nxf3 Rxe2+ 26. Kf1 Qf8 27. Nbd2 Nf4
28. Qb3 Nxd3 29. Qc4 Qb8 30. Qxd3 Qb2 31. Rb1 Qxa3 32. Rb8+ Kg7 33. Ng5 Qa1+ 34.
Kg2 R6e3 35. Rb7+ Kh6 36. Qd8 Qxc3 37. Rxh7# 1-0

[Event "AUTO-INT-2433"]
[Site "http://www.queenalice.com/game.php?id=1101957"]
[Date "2012.9.11"]
[Round "1"]
[White "caspaloeuf"]
[Black "sapobrasileiro"]
[Result "0-1"]
[WhiteElo "1531"]
[BlackElo "1614"]

1. Nf3 e6 2. d4 h6 3. e4 c6 4. c4 g6 5. Ne5 Bg7 6. Qf3 Bf6 7. Nd2 d6 8. Ng4 Bg7
9. Qh3 e5 10. d5 h5 11. dxc6 hxg4 12. Qb3 Nxc6 13. g3 a5 14. Qe3 Nd4 15. Qc3 Bf8
16. Nb3 d5 17. exd5 Bb4 18. Bg5 Qxg5 19. h4 Qf5 20. Nxd4 Bxc3+ 21. bxc3 Qe4+ 22.
Be2 Qxh1+ 23. Bf1 exd4 24. O-O-O Bf5 25. Bd3 Qf3 0-1

[Event "AUTO-INT-2433"]
[Site "http://www.queenalice.com/game.php?id=1101970"]
[Date "2012.9.11"]
[Round "1"]
[White "Philchess"]
[Black "caspaloeuf"]
[Result "1-0"]
[WhiteElo "1466"]
[BlackElo "1569"]

1. d4 d5 2. Nf3 Nc6 3. e3 Bg4 4. Nbd2 e6 5. c4 Bb4 6. a3 Bxd2+ 7. Bxd2 Nf6 8. h3
Bxf3 9. Qxf3 O-O 10. Bd3 Re8 11. O-O g6 12. Rfe1 Nh5 13. g4 Nf6 14. Qg3 Ne4 15.
Qg2 Nxd2 16. f3 Nxc4 17. Bxc4 dxc4 18. f4 Na5 19. b4 Nb3 20. Rab1 c6 21. Rb2 b5
22. Qxc6 a6 23. Qe4 Rc8 24. Kg2 c3 25. Rxb3 c2 26. Rc1 Qd5 27. Qxd5 exd5 28. Kf2
Kg7 29. Rb2 Rc3 30. Rbxc2 Rxa3 31. Re1 Ra4 32. Rb2 h6 33. Kg3 h5 34. gxh5 gxh5
35. h4 Rg8 36. f5 Kf6+ 37. Kf4 Rg4+ 38. Kf3 Rxh4 39. e4 Ra3+ 40. Kg2 Rg4+ 41.
Kf2 Rf4+ 42. Ke2 Rxe4+ 43. Kd2 Rxd4+ 44. Kc1 Ra1+ 45. Kc2 Rc4+ 46. Kd2 Rd4+ 47.
Kc3 Rc4+ 48. Kd2 Rd4+ 49. Kc3 Rxe1 50. Kxd4 Re4+ 51. Kxd5 Re5+ 52. Kc6 Rxf5 53.
Kb6 h4 54. Kxa6 h3 55. Rh2 Rh5 56. Kb6 Ke6 57. Kc6 f6 58. Re2+ Kf7 59. Re3 h2
60. Re1 h1=Q+ 61. Rxh1 Rxh1 62. Kxb5 f5 63. Kc5 Rd1 64. b5 f4 65. b6 f3 66. b7
Rb1 67. Kc6 Rxb7 68. Kxb7 1-0

[Event "AUTO-INT-2433"]
[Site "http://www.queenalice.com/game.php?id=1101971"]
[Date "2012.9.11"]
[Round "1"]
[White "caspaloeuf"]
[Black "Philchess"]
[Result "1-0"]
[WhiteElo "1531"]
[BlackElo "1516"]

1. Nf3 d5 2. d4 Bg4 3. h3 Bxf3 4. gxf3 e6 5. e4 Nf6 6. e5 Nfd7 7. Nc3 Bb4 8. Bd2
Bxc3 9. Bxc3 Nc6 10. Bb5 Ndb8 11. Rg1 O-O 12. Rg4 a6 13. Bxc6 Nxc6 14. Bd2 Qd7
15. Bh6 g6 16. Bxf8 Rxf8 17. Qd2 Ne7 18. f4 f6 19. O-O-O fxe5 20. dxe5 Nf5 21.
Qb4 c6 22. b3 Kg7 23. h4 b5 24. h5 Rf7 25. hxg6 hxg6 26. Rdg1 Kh7 27. Rh1+ Nh6
28. Qd2 Rf5 29. f3 Kg7 30. Rgh4 Rh5 31. Rxh5 gxh5 32. Rxh5 Qf7 33. Qg2+ Kf8 34.
Rxh6 Qxf4+ 35. Qd2 Qxe5 36. f4 Qf5 37. Rh8+ Ke7 38. Qb4+ Kd7 39. Rf8 Qe4 40.
Rf7+ 1-0

[Event "AUTO-INT-2433"]
[Site "http://www.queenalice.com/game.php?id=1101978"]
[Date "2012.9.11"]
[Round "1"]
[White "SunKite"]
[Black "caspaloeuf"]
[Result "1-0"]
[WhiteElo "1546"]
[BlackElo "1604"]

1. e4 d6 2. Qf3 Nf6 3. Nc3 a6 4. h3 e5 5. g4 Nc6 6. Nd5 Be6 7. Nxf6+ Qxf6 8. c3
Qxf3 9. Nxf3 Na5 10. b4 Nc6 11. a4 Be7 12. Be2 O-O-O 13. b5 Na5 14. Ba3 Nb3 15.
Rb1 a5 16. Bd1 Nc5 17. Be2 b6 18. d4 exd4 19. Nxd4 Bf6 20. f4 Nxe4 21. Rg1 Nxc3
22. Rc1 Bxd4 23. Rg2 Rhe8 24. f5 Bc4 25. Bb2 Nxe2 26. Rxc4 Nf4+ 27. Kf1 Bxb2 28.
Rxf4 Bc3 29. Re2 Rxe2 30. Kxe2 Re8+ 31. Kd3 Be5 32. Re4 f6 33. h4 Rd8 34. Re2
Re8 35. Kc4 Rd8 36. Kd5 Kd7 37. Rg2 Re8 38. g5 Bf4 39. gxf6 Re5+ 40. Kd4 Be3+
41. Kd3 gxf6 42. Rg7+ Ke8 43. Rxh7 Bc5 44. Rxc7 Re3+ 45. Kc4 Re4+ 46. Kd3 Rd4+
47. Ke2 1-0

[Event "AUTO-INT-2433"]
[Site "http://www.queenalice.com/game.php?id=1101979"]
[Date "2012.9.11"]
[Round "1"]
[White "caspaloeuf"]
[Black "SunKite"]
[Result "0-1"]
[WhiteElo "1586"]
[BlackElo "1564"]

1. Nf3 f6 2. e4 e5 3. d4 Nc6 4. d5 Nd4 5. Nxd4 exd4 6. Qxd4 d6 7. Nc3 c5 8. Bb5+
Bd7 9. Qa4 a6 10. Bxd7+ Qxd7 11. Qxd7+ Kxd7 12. O-O b5 13. Bf4 g5 14. Bg3 h5 15.
Rad1 b4 16. Na4 Rb8 17. f3 h4 18. Bf2 Nh6 19. Rfe1 Bg7 20. Bxc5 dxc5 21. Nxc5+
Ke7 22. Nxa6 Rb6 23. Nc5 Rc8 24. Na4 Ra6 25. b3 Rxc2 26. Ra1 Kf8 27. Rac1 Rxa2
28. Nc5 Kg8 29. Ne6 g4 30. Rc8+ Kh7 31. Rc7 Ra7 32. Rxa7 Rxa7 33. d6 Rd7 34. Rd1
f5 35. e5 gxf3 36. Nxg7 Kxg7 37. e6 Rb7 38. d7 Nf7 39. e7 Rb8 40. e8=Q Rxe8 41.
dxe8=Q fxg2 42. Rd2 h3 43. Rd3 Kg6 44. Rg3+ Kf6 45. Qc6+ Ke7 46. Re3+ Kf8 0-1

[Event "Challenge"]
[Site "http://www.queenalice.com/game.php?id=1104497"]
[Date "2012.9.19"]
[Round "-"]
[White "caspaloeuf"]
[Black "Martial"]
[Result "1-0"]
[WhiteElo "1485"]
[BlackElo "1457"]

1. Nf3 Nc6 2. d4 d5 3. Ne5 Nxe5 4. dxe5 e6 5. f4 Bc5 6. e3 Ne7 7. Nc3 O-O 8. Na4
Bb4+ 9. c3 Ba5 10. b4 Bb6 11. Nxb6 cxb6 12. Qf3 Nf5 13. Bb5 a6 14. Bd3 a5 15.
Bxf5 exf5 16. O-O h6 17. Rd1 Be6 18. Ba3 Qc7 19. Rd3 b5 20. bxa5 Rxa5 21. Bxf8
Kxf8 22. Qh5 Qc5 23. Qh4 b4 24. Qd8# 1-0

[Event "AUTO-INT-2441"]
[Site "http://www.queenalice.com/game.php?id=1104878"]
[Date "2012.9.20"]
[Round "1"]
[White "DraculeMihawk"]
[Black "caspaloeuf"]
[Result "1-0"]
[WhiteElo "1828"]
[BlackElo "1603"]

1. Nf3 Nc6 2. g3 e5 3. d3 d6 4. Bg2 Nf6 5. Nc3 Be7 6. e4 Nd4 7. Be3 Nxf3+ 8.
Bxf3 a6 9. a4 O-O 10. h4 Bg4 11. Bxg4 Nxg4 12. Qxg4 h6 13. Bxh6 g6 14. Bxf8 Qxf8
15. h5 Qh6 16. Ke2 Rd8 17. hxg6 Qxg6 18. Qxg6+ fxg6 19. Nd5 Bg5 20. Rh3 c6 21.
Ne3 Bf6 22. Rah1 b5 23. axb5 axb5 24. b3 Ra8 25. Rh6 Kg7 26. Rh7+ Kg8 27. Rd7
Bg5 28. Rxd6 1-0

[Event "AUTO-INT-2441"]
[Site "http://www.queenalice.com/game.php?id=1104879"]
[Date "2012.9.20"]
[Round "1"]
[White "caspaloeuf"]
[Black "DraculeMihawk"]
[Result "0-1"]
[WhiteElo "1603"]
[BlackElo "1794"]

1. Nf3 Nf6 2. d4 c5 3. c4 cxd4 4. Nxd4 e5 5. Nb3 Qc7 6. N1d2 b6 7. g3 Bb7 8. Rg1
a5 9. Bg2 Bxg2 10. Rxg2 a4 11. Nd4 exd4 12. e3 dxe3 13. fxe3 Bb4 14. Qf3 Nc6 15.
a3 Ba5 16. b4 axb3 17. Bb2 Ne5 18. Bxe5 Qxe5 19. Rb1 b2 20. Ke2 Bxd2 21. Qxa8+
Ke7 22. Qxh8 Qxe3+ 23. Kf1 Qd3+ 24. Re2+ Be3 25. Rxb2 Ng4 26. Rd2 Qxc4 27. Rc2
Qd5 28. Qxh7 Qh1# 0-1

[Event "AUTO-INT-2441"]
[Site "http://www.queenalice.com/game.php?id=1104894"]
[Date "2012.9.20"]
[Round "1"]
[White "Clemente"]
[Black "caspaloeuf"]
[Result "0-1"]
[WhiteElo "1480"]
[BlackElo "1516"]

1. c4 c5 2. d4 e6 3. dxc5 Bxc5 4. e3 Nf6 5. Nd2 Bb4 6. a3 Bxd2+ 7. Bxd2 Ne4 8.
Bb4 Nc6 9. c5 Qf6 10. f3 Ng5 11. Bc3 Qh6 12. Qd2 O-O 13. h4 Nxf3+ 14. Nxf3 b6
15. b4 Qf4 16. O-O-O Bb7 17. exf4 Ne7 0-1

[Event "AUTO-INT-2441"]
[Site "http://www.queenalice.com/game.php?id=1104895"]
[Date "2012.9.20"]
[Round "1"]
[White "caspaloeuf"]
[Black "Clemente"]
[Result "1-0"]
[WhiteElo "1500"]
[BlackElo "1496"]

1. Nf3 Nc6 2. d4 e6 3. e4 d5 4. e5 f6 5. Bb5 Bd7 6. Nc3 fxe5 7. Nxe5 Nxe5 8.
Bxd7+ Nxd7 9. O-O h5 10. Re1 Qf6 11. Nxd5 Qd8 12. Rxe6+ Kf7 13. Nf4 Ngf6 14. Qd3
Bd6 15. Qb3 1-0

[Event "AUTO-INT-2441"]
[Site "http://www.queenalice.com/game.php?id=1104904"]
[Date "2012.9.20"]
[Round "1"]
[White "ulisses67"]
[Black "caspaloeuf"]
[Result "0-1"]
[WhiteElo "1448"]
[BlackElo "1559"]

1. d4 d5 2. Nc3 e6 3. e4 Bb4 4. exd5 Bxc3+ 5. bxc3 Qxd5 6. a4 Nf6 7. c4 Qe4+ 8.
Be3 Nc6 9. d5 exd5 10. Bd3 Qxg2 11. Qf3 Qxf3 12. Nxf3 Nb4 13. cxd5 O-O 14. Bc5
Re8+ 15. Kd2 Nxd3 16. Kxd3 Bf5+ 17. Kc4 Re4+ 18. Nd4 c6 19. dxc6 bxc6 0-1

[Event "AUTO-INT-2441"]
[Site "http://www.queenalice.com/game.php?id=1104905"]
[Date "2012.9.20"]
[Round "1"]
[White "caspaloeuf"]
[Black "ulisses67"]
[Result "1-0"]
[WhiteElo "1546"]
[BlackElo "1461"]

1. Nf3 c5 2. d4 Qb6 3. Nc3 g6 4. Na4 Qa5+ 5. c3 cxd4 6. Nxd4 e5 7. Nf3 d5 8. b4
Qc7 9. Qxd5 Be6 10. Qb5+ Bd7 11. Qxe5+ Kd8 12. Bg5+ f6 13. Bxf6+ Be7 14. Qxc7+
Kxc7 15. Bxh8 Bxa4 16. e3 Nc6 17. Bc4 Nh6 18. O-O Rxh8 19. Bb3 Bb5 20. Rfd1 Bf6
21. Rd2 1-0

[Event "Challenge"]
[Site "http://www.queenalice.com/game.php?id=1111257"]
[Date "2012.10.10"]
[Round "-"]
[White "lincolnmarley"]
[Black "caspaloeuf"]
[Result "1-0"]
[WhiteElo "1699"]
[BlackElo "1617"]

1. e4 d6 2. d4 f5 3. Bd3 e5 4. exf5 exd4 5. Qh5+ Ke7 6. Nf3 Nf6 7. Bg5 Kd7 8.
Qf7+ Be7 9. Qe6+ Ke8 10. Qe2 h6 11. Bxf6 gxf6 12. O-O b6 13. Re1 a6 14. Nxd4 c5
15. Ne6 Bxe6 16. Qxe6 Nc6 17. Be4 Rc8 18. Bxc6+ Rxc6 19. Qxf6 Rc7 20. Qxh8+ Kd7
21. Qxd8+ Bxd8 22. Nc3 Kc6 23. Re6 Rf7 24. g4 Bf6 25. Ne4 Bxb2 26. Rxd6+ Kb7 27.
Rb1 Be5 28. Rdxb6+ Ka7 29. Nxc5 Bd4 30. Rxa6# 1-0

[Event "Challenge"]
[Site "http://www.queenalice.com/game.php?id=1111258"]
[Date "2012.10.10"]
[Round "-"]
[White "caspaloeuf"]
[Black "lincolnmarley"]
[Result "1-0"]
[WhiteElo "1584"]
[BlackElo "1664"]

1. Nf3 d5 2. d4 c6 3. Nc3 e6 4. e4 Bd6 5. Ne5 Ne7 6. Qf3 Bxe5 7. dxe5 Qc7 8. Bf4
O-O 9. Qg3 Ng6 10. O-O-O Nxf4 11. Qxf4 Rd8 12. exd5 cxd5 13. Rd3 Nd7 14. Rf3 Rf8
15. Bd3 Qxe5 16. Qh4 g6 17. Re3 Qg7 18. Nb5 Nc5 19. Nd6 Nxd3+ 20. Rxd3 Rd8 21.
Qxd8+ 1-0